[Event "PRVA LIGA CENTRALNE SRBIJE 2018."]
[Site "Kragujevac,hotel Sumarice"]
[Date "2018.09.19"]
[Round "8.1"]
[White "Atalik, Suat"]
[Black "Popchev, Milko"]
[Result "1-0"]
[WhiteElo "2512"]
[BlackElo "2267"]
[PlyCount "69"]
[EventDate "2018.09.14"]
[WhiteTeam "Borac Cacak"]
[BlackTeam "Krusik Valjevo"]

1. d4 c5 2. d5 e5 3. e4 d6 4. Bb5+ Nd7 5. a4 Be7 6. Nf3 Ngf6 7. Nc3 O-O 8. a5
Ne8 9. O-O Nc7 10. Be2 Nb8 11. Nd2 Nba6 12. Nc4 Rb8 13. f4 f6 14. f5 Bd7 15.
Bh5 Be8 16. Bxe8 Qxe8 17. Ra3 Rf7 18. Nb1 Bf8 19. g4 g6 20. fxg6 hxg6 21. Raf3
Qe7 22. h4 Ne8 23. h5 gxh5 24. Ne3 Rh7 25. g5 Qg7 26. Rg3 Qg6 27. Qf3 Kh8 28.
Nf5 h4 29. Rg4 fxg5 30. Bxg5 Bg7 31. Nxh4 Qh5 32. Qf5 Rh6 33. Bxh6 Qxh6 34.
Ng6+ Kg8 35. Qf7+ 1-0

[Event "PRVA LIGA CENTRALNE SRBIJE 2018."]
[Site "Kragujevac,hotel Sumarice"]
[Date "2018.09.19"]
[Round "8.1"]
[White "Kostic, Vladimir G"]
[Black "Irizanin, Radoje"]
[Result "0-1"]
[WhiteElo "2334"]
[BlackElo "2296"]
[PlyCount "68"]
[EventDate "2018.09.14"]
[WhiteTeam "Krusik Valjevo"]
[BlackTeam "Borac Cacak"]

1. e4 c6 2. d4 d5 3. exd5 cxd5 4. c4 Nf6 5. Nc3 Nc6 6. Nf3 Be6 7. g3 dxc4 8.
Bg2 g6 9. O-O Bg7 10. Ng5 Bf5 11. Be3 O-O 12. d5 Nb4 13. Bc5 Nd3 14. Ba3 Rb8
15. Qe2 Re8 16. h3 b5 17. g4 Bd7 18. b4 Nxg4 19. hxg4 Bxc3 20. Qf3 f6 21. Ne4
Bxa1 22. Rxa1 a5 23. Bc1 Nxc1 24. Rxc1 axb4 25. Qf4 Rb6 26. Bf3 Qb8 27. Qe3 Ra6
28. d6 Rxd6 29. Nxd6 exd6 30. Qf4 Kg7 31. g5 fxg5 32. Qd4+ Re5 33. Rb1 Qf8 34.
Bg2 Qf6 0-1

[Event "PRVA LIGA CENTRALNE SRBIJE 2018."]
[Site "Kragujevac,hotel Sumarice"]
[Date "2018.09.19"]
[Round "8.1"]
[White "Marinkovic, Ivan"]
[Black "Ivanovic, Dragutin"]
[Result "1/2-1/2"]
[WhiteElo "2459"]
[BlackElo "2307"]
[PlyCount "82"]
[EventDate "2018.09.14"]
[WhiteTeam "Borac Cacak"]
[BlackTeam "Krusik Valjevo"]

1. e4 c5 2. Nf3 e6 3. g3 Nf6 4. e5 Nd5 5. Bg2 Be7 6. O-O O-O 7. d4 cxd4 8. Nxd4
d6 9. exd6 Qxd6 10. Qe2 Bf6 11. Nb5 Qb6 12. c4 a6 13. cxd5 axb5 14. Be3 Qa6 15.
Rd1 exd5 16. Nc3 d4 17. Bxd4 Bxd4 18. Rxd4 Nc6 19. Rh4 Bf5 20. Qxb5 Qxb5 21.
Nxb5 Rfd8 22. Rf4 g6 23. Bxc6 bxc6 24. Nd4 Bh3 25. Rh4 Bd7 26. b4 Ra3 27. Rc1
Rxa2 28. Nxc6 Re8 29. Rd4 Bh3 30. Rd8 Rxd8 31. Nxd8 Rb2 32. Nc6 Kg7 33. Re1 Kf6
34. Ne5 Rxb4 35. Nd3 Rd4 36. Nf4 Bd7 37. h4 h6 38. f3 g5 39. hxg5+ hxg5 40. Ne2
Rd3 41. Kf2 Bc6 1/2-1/2

[Event "PRVA LIGA CENTRALNE SRBIJE 2018."]
[Site "Kragujevac,hotel Sumarice"]
[Date "2018.09.19"]
[Round "8.1"]
[White "Sandic, Vladeta"]
[Black "Mirkovic, Stevan"]
[Result "1/2-1/2"]
[WhiteElo "2324"]
[BlackElo "2307"]
[PlyCount "53"]
[EventDate "2018.09.14"]
[WhiteTeam "Krusik Valjevo"]
[BlackTeam "Borac Cacak"]

1. d4 d5 2. c4 e6 3. Nc3 Nf6 4. cxd5 exd5 5. Bg5 Be7 6. e3 Nbd7 7. Bd3 c6 8.
Qc2 O-O 9. Nf3 Re8 10. O-O Nf8 11. Rab1 a5 12. a3 Ng6 13. Rfc1 Bd6 14. Bf5 h6
15. Bxf6 Qxf6 16. Bxc8 Raxc8 17. Ne2 h5 18. b4 axb4 19. axb4 Nh4 20. Nxh4 Qxh4
21. Ng3 g6 22. Qd3 b5 23. Rc3 Re6 24. Nf1 Qe7 25. Rcb3 Kg7 26. Qc3 Ra8 27. Ra3
1/2-1/2

[Event "PRVA LIGA CENTRALNE SRBIJE 2018."]
[Site "Kragujevac,hotel Sumarice"]
[Date "2018.09.19"]
[Round "8.1"]
[White "Gavrilovic, Leonardo"]
[Black "Zivkovic, Dejan"]
[Result "1/2-1/2"]
[WhiteElo "2243"]
[BlackElo "2290"]
[PlyCount "77"]
[EventDate "2018.09.14"]
[WhiteTeam "Borac Cacak"]
[BlackTeam "Krusik Valjevo"]

1. d4 Nf6 2. Nf3 b5 3. e4 Nxe4 4. Bxb5 Bb7 5. O-O e6 6. Nbd2 Be7 7. Re1 Nxd2 8.
Bxd2 O-O 9. Qe2 d6 10. Bd3 Nd7 11. b4 Bf6 12. Rab1 Re8 13. Be4 Qc8 14. Qb5 d5
15. Bd3 a6 16. Qa5 e5 17. dxe5 Nxe5 18. Nxe5 Bxe5 19. Qc5 Qg4 20. h3 Qh4 21.
Bc3 Bd6 22. Qd4 Qxd4 23. Bxd4 Rxe1+ 24. Rxe1 Bc6 25. c3 Bb5 26. Bc2 a5 27. a4
Bc4 28. b5 f6 29. g3 Kf7 30. Kg2 g6 31. f4 f5 32. Kf3 Rc8 33. g4 fxg4+ 34. hxg4
Re8 35. Rxe8 Kxe8 36. g5 Kf7 37. Ke3 Ke7 38. Kf3 Bf1 39. Kg4 1/2-1/2

[Event "PRVA LIGA CENTRALNE SRBIJE 2018."]
[Site "Kragujevac,hotel Sumarice"]
[Date "2018.09.19"]
[Round "8.1"]
[White "Zivanovic, Bojan"]
[Black "Radosavljevic, Slobodan S"]
[Result "1/2-1/2"]
[WhiteElo "2093"]
[BlackElo "2106"]
[PlyCount "75"]
[EventDate "2018.09.14"]
[WhiteTeam "Krusik Valjevo"]
[BlackTeam "Borac Cacak"]

1. e4 c6 2. d4 d5 3. e5 c5 4. Nf3 Bg4 5. c3 e6 6. dxc5 Bxf3 7. Qxf3 Bxc5 8. Qg3
g6 9. Bd3 Nc6 10. O-O Qc7 11. Re1 h6 12. Nd2 Nge7 13. a4 Nf5 14. Bxf5 gxf5 15.
Nb3 Bb6 16. Be3 O-O-O 17. Bd4 Rhg8 18. Qe3 Rg4 19. Bxb6 Qxb6 20. Qxb6 axb6 21.
f3 Rg5 22. f4 Rg4 23. g3 h5 24. a5 Kc7 25. a6 bxa6 26. Rxa6 Kb7 27. Raa1 h4 28.
Kf2 Rc8 29. Red1 Rgg8 30. Nd4 hxg3+ 31. hxg3 Nxd4 32. Rxd4 Rh8 33. Kg2 b5 34.
Rdd1 Kb6 35. Ra3 Ra8 36. Rda1 Rxa3 37. Rxa3 Rc8 38. Kf3 1/2-1/2

[Event "PRVA LIGA CENTRALNE SRBIJE 2018."]
[Site "Kragujevac"]
[Date "2018.09.19"]
[Round "8.2"]
[White "Rakhmanov, Aleksandr"]
[Black "Soysal, Serkan"]
[Result "1/2-1/2"]
[WhiteElo "2647"]
[BlackElo "2404"]
[Annotator "Balkanchess"]
[PlyCount "79"]
[EventDate "2018.??.??"]
[WhiteClock "0:31:28"]
[BlackClock "0:02:28"]

1. Nf3 d5 2. g3 Nf6 3. Bg2 g6 4. d4 Bg7 5. c4 c6 6. Qb3 O-O 7. O-O Qb6 8. Nc3
Rd8 9. Bd2 dxc4 10. Qxc4 Be6 11. Qa4 Na6 12. Qa3 Qb4 13. Qxb4 Nxb4 14. Rfc1
Nbd5 15. Na4 Ne4 16. Ba5 b6 17. Be1 c5 18. dxc5 Nxc5 19. Nxc5 bxc5 20. Rxc5
Bxb2 21. Rb1 Bf6 22. Rbc1 Rac8 23. Rxc8 Rxc8 24. Rxc8+ Bxc8 25. e4 Nb6 26. e5
Bg7 27. Bb4 Be6 28. a3 Nc4 29. Nd4 Bxe5 30. Nxe6 fxe6 31. Bf1 Nd6 32. Bc5 Nc8
33. a4 a5 34. Bd3 Kf7 35. Kg2 Bc3 36. Kf3 Nd6 37. h4 e5 38. g4 Kf6 39. Bb6 h6
40. Be3 1/2-1/2

[Event "PRVA LIGA CENTRALNE SRBIJE 2018."]
[Site "Kragujevac"]
[Date "2018.09.19"]
[Round "8.2"]
[White "Radovanovic, Nikola"]
[Black "Damljanovic, Branko"]
[Result "0-1"]
[WhiteElo "2420"]
[BlackElo "2470"]
[Annotator "Balkanchess"]
[PlyCount "58"]
[EventDate "2018.??.??"]
[WhiteClock "0:07:08"]
[BlackClock "0:21:47"]

1. d4 Nf6 2. c4 g6 3. Nf3 Bg7 4. g3 O-O 5. Bg2 d6 6. O-O Nc6 7. Nc3 Bf5 8. Nh4
Bd7 9. f4 a6 10. Nf3 Na5 11. c5 dxc5 12. dxc5 Bc6 13. Qc2 b5 14. Rd1 Qe8 15. e4
b4 16. Nd5 Nxd5 17. exd5 Ba4 18. b3 Bxa1 19. bxa4 Rb8 20. c6 e6 21. Be3 exd5
22. Bc5 Bc3 23. Bxf8 Kxf8 24. Ne5 Nxc6 25. Nxc6 Qxc6 26. Qf2 Rd8 27. f5 Rd6 28.
Kh1 Qxa4 29. Rf1 Qd7 0-1

[Event "PRVA LIGA CENTRALNE SRBIJE 2018."]
[Site "Kragujevac"]
[Date "2018.09.19"]
[Round "8.2"]
[White "Nestorovic, Nikola"]
[Black "Barlov, Dragan"]
[Result "1/2-1/2"]
[WhiteElo "2453"]
[BlackElo "2414"]
[Annotator "Balkanchess"]
[PlyCount "64"]
[EventDate "2018.??.??"]
[WhiteClock "0:07:15"]
[BlackClock "0:28:16"]

1. e4 c5 2. Nf3 e6 3. d4 cxd4 4. Nxd4 a6 5. c4 Qc7 6. Nc3 Nf6 7. Be2 Nc6 8. O-O
Bb4 9. Bg5 Be7 10. Be3 d6 11. Rc1 Bd7 12. Nb3 O-O 13. f4 Bc8 14. g4 Nd7 15. g5
Qd8 16. h4 Re8 17. Qe1 Bf8 18. Qf2 b6 19. Nd2 Bb7 20. a3 Ne7 21. b4 Bc6 22. Nb3
a5 23. Nd4 axb4 24. axb4 e5 25. fxe5 Nxe5 26. h5 Bd7 27. Nf5 Nxf5 28. exf5 Bc6
29. f6 Qd7 30. Qg3 Qe6 31. Bd4 Ra3 32. Rf4 Rea8 1/2-1/2

[Event "PRVA LIGA CENTRALNE SRBIJE 2018."]
[Site "Kragujevac"]
[Date "2018.09.19"]
[Round "8.2"]
[White "Zlatanovic, Boroljub"]
[Black "Ostojic, Nikola"]
[Result "1/2-1/2"]
[WhiteElo "2371"]
[BlackElo "2441"]
[Annotator "Balkanchess"]
[PlyCount "72"]
[EventDate "2018.??.??"]
[WhiteClock "0:18:32"]
[BlackClock "0:01:41"]

1. c4 c5 2. Nc3 Nc6 3. g3 g6 4. Bg2 Bg7 5. a3 e6 6. b4 Nxb4 7. axb4 cxb4 8. Nb5
Bxa1 9. Qa4 Bf6 10. d4 a6 11. Nd6+ Kf8 12. Qxb4 Be7 13. Ba3 f6 14. Nf3 Nh6 15.
c5 Nf7 16. Nd2 Rb8 17. N2c4 b5 18. Na5 Kg7 19. O-O Bxd6 20. cxd6 Rb6 21. e4
Nxd6 22. e5 fxe5 23. dxe5 Nb7 24. Rd1 Nxa5 25. Qxa5 Rd6 26. Qe1 Rxd1 27. Qxd1
a5 28. Bd6 b4 29. h4 Rf8 30. Qd3 Qb6 31. Bxf8+ Kxf8 32. Qf3+ Kg8 33. h5 Qc5 34.
hxg6 hxg6 35. Qf6 Qc1+ 36. Bf1 Ba6 1/2-1/2

[Event "PRVA LIGA CENTRALNE SRBIJE 2018."]
[Site "Kragujevac"]
[Date "2018.09.19"]
[Round "8.2"]
[White "Nestorovic, Lazar"]
[Black "Radovic, Janko"]
[Result "1/2-1/2"]
[WhiteElo "2353"]
[BlackElo "2405"]
[Annotator "Balkanchess"]
[PlyCount "50"]
[EventDate "2018.??.??"]
[WhiteClock "0:12:02"]
[BlackClock "0:18:10"]

1. e4 c5 2. Nf3 Nc6 3. d4 cxd4 4. Nxd4 g6 5. Nc3 Bg7 6. Nb3 Nf6 7. Bg5 d6 8.
Qd2 O-O 9. Be2 Be6 10. Rd1 Rc8 11. O-O Ne5 12. Kh1 Nc4 13. Bxc4 Bxc4 14. Rfe1
Qc7 15. Bh6 Bxh6 16. Qxh6 b5 17. Rd2 b4 18. Nd1 Bxb3 19. axb3 Qa5 20. f3 Qa1
21. Qh4 Rc5 22. e5 Rxe5 23. Rxe5 dxe5 24. Qxb4 Qc1 25. c4 e4 1/2-1/2

[Event "PRVA LIGA CENTRALNE SRBIJE 2018."]
[Site "Kragujevac"]
[Date "2018.09.19"]
[Round "8.2"]
[White "Novoselski, Zoran"]
[Black "Blesic, Vaso"]
[Result "0-1"]
[WhiteElo "2356"]
[BlackElo "2373"]
[Annotator "Balkanchess"]
[PlyCount "83"]
[EventDate "2018.??.??"]
[WhiteClock "0:50:46"]
[BlackClock "0:37:32"]

1. e4 c6 2. d4 d5 3. e5 Bf5 4. h4 Qa5+ 5. Nc3 h5 6. Bd3 Bxd3 7. Qxd3 e6 8. Bg5
Qa6 9. Qxa6 Nxa6 10. Nge2 f6 11. exf6 gxf6 12. Bf4 Ne7 13. a3 Ng6 14. b4 Kd7
15. Be3 Nc7 16. Na4 b6 17. Nf4 Nxf4 18. Bxf4 Nb5 19. c3 Rg8 20. Kf1 Bd6 21.
Bxd6 Nxd6 22. Nb2 a5 23. Rc1 axb4 24. axb4 Ne4 25. Rh3 Ra2 26. Nd1 Rga8 27. Re3
Rd2 28. Re2 Raa2 29. Rxd2 Rxd2 30. Ra1 Kd6 31. Ke1 Rc2 32. Ra3 e5 33. dxe5+
fxe5 34. Ra7 Nxc3 35. Ne3 Re2+ 36. Kf1 d4 37. Ra3 dxe3 38. Rxc3 Rxf2+ 39. Kg1
Rf4 40. Rxe3 Rxh4 41. Rb3 Kd5 42. Rb1 0-1

[Event "PRVA LIGA CENTRALNE SRBIJE 2018."]
[Site "Kragujevac,hotel Sumarice"]
[Date "2018.09.19"]
[Round "8.3"]
[White "Petkov, Vladimir"]
[Black "Savicevic, Vlatko"]
[Result "1-0"]
[WhiteElo "2510"]
[BlackElo "2338"]
[PlyCount "53"]
[EventDate "2018.09.14"]
[WhiteTeam "Progres  Pirot"]
[BlackTeam "Trepca Kosovska Mitrovica"]

1. d4 d5 2. c4 e6 3. Nf3 Nf6 4. g3 dxc4 5. Bg2 Nbd7 6. O-O a6 7. Nc3 c5 8. Qa4
Be7 9. dxc5 Bxc5 10. Bg5 O-O 11. Qxc4 b5 12. Qh4 Bb7 13. Ne5 Qb6 14. Nxd7 Nxd7
15. Bxb7 Qxb7 16. Rad1 Rac8 17. Ne4 f6 18. Be3 Be7 19. Nd6 Bxd6 20. Rxd6 Rfe8
21. Rfd1 Re7 22. b3 Rc7 23. Qh3 Nf8 24. Qg2 Rc2 25. Qxb7 Rxb7 26. Rxa6 Rxe2 27.
a4 1-0

[Event "PRVA LIGA CENTRALNE SRBIJE 2018."]
[Site "Kragujevac,hotel Sumarice"]
[Date "2018.09.19"]
[Round "8.3"]
[White "Manic, Jovica"]
[Black "Gajic, Mladen"]
[Result "1/2-1/2"]
[WhiteElo "2255"]
[BlackElo "2291"]
[PlyCount "37"]
[EventDate "2018.09.14"]
[WhiteTeam "Progres  Pirot"]
[BlackTeam "Trepca Kosovska Mitrovica"]

1. d4 Nf6 2. Bg5 Ne4 3. h4 c5 4. dxc5 Qa5+ 5. Nd2 Nxc5 6. c3 Qc7 7. e4 b6 8.
Qc2 d6 9. Be3 Bb7 10. f4 d5 11. e5 e6 12. Ngf3 Nbd7 13. Nd4 Be7 14. h5 a6 15.
Be2 b5 16. Bf3 Nb6 17. O-O g5 18. Rae1 O-O-O 19. f5 1/2-1/2

[Event "PRVA LIGA CENTRALNE SRBIJE 2018."]
[Site "Kragujevac,hotel Sumarice"]
[Date "2018.09.19"]
[Round "8.3"]
[White "Biljanic, Ljubomir"]
[Black "Todorovic, Bojan"]
[Result "0-1"]
[WhiteElo "2212"]
[BlackElo "2318"]
[PlyCount "45"]
[EventDate "2018.09.14"]
[WhiteTeam "Trepca Kosovska Mitrovica"]
[BlackTeam "Progres  Pirot"]

1. d4 Nf6 2. c4 g6 3. Nc3 d5 4. e3 c6 5. Nf3 Bg7 6. Bd3 O-O 7. O-O Bg4 8. h3
Bxf3 9. Qxf3 dxc4 10. Bxc4 Nbd7 11. Rd1 Qc7 12. Qe2 a6 13. e4 e6 14. Bg5 h6 15.
Be3 b5 16. Bd3 e5 17. d5 cxd5 18. exd5 b4 19. Na4 Nxd5 20. Be4 Nxe3 21. Rxd7
Qxd7 22. Nb6 Qd4 23. Qxe3 0-1

[Event "PRVA LIGA CENTRALNE SRBIJE 2018."]
[Site "Kragujevac,hotel Sumarice"]
[Date "2018.09.19"]
[Round "8.3"]
[White "Jovanovic, Bojan P"]
[Black "Adzic, Momcilo"]
[Result "1/2-1/2"]
[WhiteElo "2275"]
[BlackElo "2265"]
[PlyCount "132"]
[EventDate "2018.09.14"]
[WhiteTeam "Progres  Pirot"]
[BlackTeam "Trepca Kosovska Mitrovica"]

1. b3 d5 2. e3 e5 3. Bb2 Bd6 4. c4 Nf6 5. Nf3 Nbd7 6. Nc3 c6 7. cxd5 Nxd5 8.
Ne4 Bc7 9. Ba3 N7f6 10. Nxf6+ Qxf6 11. Qc2 Bd6 12. Bxd6 Qxd6 13. Qe4 f6 14. a3
Ne7 15. d4 Bf5 16. dxe5 Bxe4 17. exd6 Nf5 18. Nd2 Nxd6 19. Nxe4 Nxe4 20. Bd3
Nc5 21. Bc2 Rd8 22. Ke2 Ke7 23. Rhd1 g6 24. h4 Ne6 25. Rxd8 Rxd8 26. g4 a5 27.
h5 Nf8 28. Rh1 Rd5 29. hxg6 hxg6 30. Bd3 Rc5 31. Rh8 Rc3 32. Bc4 Rc2+ 33. Kd1
Rxf2 34. Be2 Rg2 35. Rg8 Rg1+ 36. Kd2 b5 37. Rg7+ Kd6 38. Ra7 Rb1 39. Bd1 a4
40. bxa4 bxa4 41. Bxa4 Rb6 42. Bc2 Nd7 43. Bxg6 Ne5 44. Bf5 Rb3 45. a4 Ra3 46.
e4 Kc5 47. Ra8 Rg3 48. Rf8 Nxg4 49. Bxg4 Rxg4 50. Ke3 Rg3+ 51. Kf4 Ra3 52. Rxf6
Rxa4 53. Kf5 Ra1 54. e5 Rf1+ 55. Kg6 Re1 56. e6 Kd5 57. Kf7 c5 58. e7 c4 59.
e8=Q Rxe8 60. Kxe8 c3 61. Kd7 Kd4 62. Rf1 c2 63. Kd6 Kd3 64. Kd5 Kd2 65. Kd4
c1=Q 66. Rxc1 Kxc1 1/2-1/2

[Event "PRVA LIGA CENTRALNE SRBIJE 2018."]
[Site "Kragujevac,hotel Sumarice"]
[Date "2018.09.19"]
[Round "8.3"]
[White "Djosic, Slavoljub"]
[Black "Arandjelovic, Aleksandar Z"]
[Result "1-0"]
[WhiteElo "2315"]
[BlackElo "2041"]
[PlyCount "124"]
[EventDate "2018.09.14"]
[WhiteTeam "Trepca Kosovska Mitrovica"]
[BlackTeam "Progres  Pirot"]

1. b3 Nf6 2. Bb2 d6 3. g3 Nbd7 4. d4 g6 5. Bg2 Bg7 6. Nf3 O-O 7. O-O e5 8. c4
Re8 9. e3 a5 10. Nc3 Ng4 11. Qc2 Rb8 12. Rad1 exd4 13. Nxd4 Nc5 14. h3 Nf6 15.
Rfe1 Bd7 16. f4 Re7 17. g4 Ne6 18. Nde2 Bc6 19. e4 Qf8 20. Ba3 Nd7 21. Nd5 Bxd5
22. cxd5 Nec5 23. Nd4 Bxd4+ 24. Rxd4 b6 25. g5 Rbe8 26. Bb2 f6 27. Qc3 h6 28.
h4 hxg5 29. hxg5 Rh7 30. gxf6 Qxf6 31. Qg3 Kf8 32. Re2 Qh4 33. Re3 Ree7 34. Rc4
Qxg3 35. Rxg3 b5 36. Rd4 Kf7 37. e5 dxe5 38. fxe5 Nxe5 39. d6 cxd6 40. Rxd6
Ncd7 41. Bd5+ Kf8 42. Ra6 b4 43. Rxa5 Rh4 44. Rb5 Re8 45. a4 bxa3 46. Bxa3+ Kg7
47. Bb2 Kh6 48. Rb7 Ng4 49. Bc3 Ndf6 50. Bd2+ g5 51. Bf3 Rd8 52. Bb4 Ne5 53.
Rb6 Rf4 54. Be2 Ng6 55. Rh3+ Kg7 56. Bc3 Nh4 57. Rg3 Rd5 58. Re3 g4 59. Re7+
Kg6 60. Ree6 Rdf5 61. Bd3 Nf3+ 62. Kh1 g3 1-0

[Event "PRVA LIGA CENTRALNE SRBIJE 2018."]
[Site "Kragujevac"]
[Date "2018.09.19"]
[Round "8.4"]
[White "Atakisi, Umut"]
[Black "Draskovic, Luka"]
[Result "1/2-1/2"]
[WhiteElo "2397"]
[BlackElo "2449"]
[Annotator "Balkanchess"]
[PlyCount "75"]
[EventDate "2018.??.??"]
[WhiteClock "0:03:14"]
[BlackClock "0:02:19"]

1. e4 d6 2. d4 Nf6 3. Nc3 e5 4. Nf3 Nbd7 5. Bc4 Be7 6. a4 O-O 7. O-O c6 8. Re1
a5 9. h3 Nb6 10. Bb3 Nfd7 11. Be3 exd4 12. Bxd4 Nc5 13. Bxc5 dxc5 14. Qe2 Qd6
15. Qe3 c4 16. Qxb6 cxb3 17. Qxb3 Be6 18. Qb6 Ra6 19. Qd4 Qb4 20. Qxb4 axb4 21.
Nd5 Bxd5 22. exd5 Bf6 23. Ne5 cxd5 24. Nd3 Ra5 25. Ra2 b5 26. b3 h6 27. Re2 Bc3
28. Nf4 d4 29. Nd3 bxa4 30. bxa4 Rfa8 31. Nb2 Bxb2 32. Rxb2 Rxa4 33. Rd2 Ra1+
34. Kh2 R1a2 35. Rxb4 d3 36. Rc4 Rxc2 37. Rcxc2 dxc2 38. Rxc2 1/2-1/2

[Event "PRVA LIGA CENTRALNE SRBIJE 2018."]
[Site "Kragujevac"]
[Date "2018.09.19"]
[Round "8.4"]
[White "Mladenovic, Stefan"]
[Black "Radovanovic, Mihajlo"]
[Result "0-1"]
[WhiteElo "2355"]
[BlackElo "2427"]
[Annotator "Balkanchess"]
[PlyCount "76"]
[EventDate "2018.??.??"]
[WhiteClock "0:02:41"]
[BlackClock "0:04:56"]

1. d4 d6 2. Nf3 g6 3. Bf4 Bg7 4. e3 Nd7 5. h3 e5 6. Bh2 Nh6 7. Be2 O-O 8. c4
Qe7 9. Nc3 c6 10. O-O f5 11. b4 Nf7 12. b5 c5 13. dxe5 dxe5 14. Qb3 Nf6 15.
Rfd1 g5 16. Rd2 h5 17. Rad1 g4 18. hxg4 hxg4 19. Ne1 Ne4 20. Nxe4 fxe4 21. f3
gxf3 22. gxf3 Ng5 23. f4 Nh3+ 24. Kg2 Qh4 25. Bg3 Qh6 26. Rd6 Qh7 27. R1d5 Ng5
28. Rxc5 Qh3+ 29. Kf2 Qh1 30. Bf1 exf4 31. Bxf4 Nh3+ 32. Bxh3 Bxh3 33. Ke2 Qf1+
34. Kd1 Bg4+ 35. Kc2 Rxf4 36. exf4 Qf2+ 37. Rd2 Qxc5 38. Rg2 Rd8 0-1

[Event "PRVA LIGA CENTRALNE SRBIJE 2018."]
[Site "Kragujevac"]
[Date "2018.09.19"]
[Round "8.4"]
[White "Pezelj, Novak"]
[Black "Cvetanovic, Uros"]
[Result "1-0"]
[WhiteElo "2457"]
[BlackElo "2295"]
[Annotator "Balkanchess"]
[PlyCount "187"]
[EventDate "2018.??.??"]
[WhiteClock "0:49:45"]
[BlackClock "0:26:30"]

1. e4 c5 2. Nf3 e6 3. b3 d6 4. Bb2 e5 5. Bc4 Be6 6. Qe2 Be7 7. O-O Bf6 8. c3
Ne7 9. d4 O-O 10. dxe5 dxe5 11. Bxe6 fxe6 12. Rd1 Qc7 13. Na3 a6 14. Rd2 Nd7
15. Rad1 Rfd8 16. Nc4 b5 17. Rxd7 Rxd7 18. Rxd7 Qxd7 19. Nb6 Qc6 20. Nxa8 Qxa8
21. Ba3 Qc8 22. g3 Ng6 23. h4 Nf8 24. Nh2 Qc7 25. Ng4 Nd7 26. Bc1 Be7 27. Ne3
Qa5 28. Qc2 Qc7 29. Kg2 Nb6 30. c4 b4 31. Qd1 Qd6 32. Qh5 g6 33. Qf3 Qd3 34.
Ng4 Qxf3+ 35. Kxf3 Nd7 36. Bb2 Bd6 37. Ke3 h5 38. Nh2 Be7 39. Nf3 Bf6 40. Ne1
Kf7 41. Nd3 Ke7 42. Ke2 Kf7 43. Kf1 Kg7 44. Kg2 Kf7 45. Kh3 Bg7 46. Bc1 Bf6 47.
Be3 Be7 48. f4 exf4 49. Bxf4 Bf6 50. e5 Be7 51. g4 a5 52. Be3 Bf8 53. Kg3 Be7
54. gxh5 gxh5 55. Bf2 Bf8 56. Kf3 Bg7 57. Ke4 Bf8 58. Bg3 Bh6 59. Bf4 Kg6 60.
Bh2 Kf7 61. Bg1 Bf8 62. Bf2 Be7 63. Nf4 Bf8 64. Nxh5 Be7 65. Nf4 Bf8 66. h5 Bh6
67. Nd3 Bf8 68. Be3 Be7 69. Bg1 Kg7 70. Bf2 Kf7 71. h6 Kg8 72. Nf4 Nf8 73. Nd5
exd5+ 74. Kxd5 Bg5 75. Bxc5 Bxh6 76. Bb6 Kf7 77. Bxa5 Ne6 78. Bxb4 Nf4+ 79. Ke4
Ne6 80. a4 Ke8 81. Bd6 Kd7 82. b4 Bd2 83. a5 Nc7 84. Kd4 Be1 85. Bxc7 Kxc7 86.
Kc5 Bf2+ 87. Kb5 Bg3 88. e6 Bh4 89. a6 Be7 90. c5 Bf8 91. c6 Kb8 92. Kb6 Bd6
93. a7+ Ka8 94. c7 1-0

[Event "PRVA LIGA CENTRALNE SRBIJE 2018."]
[Site "Kragujevac"]
[Date "2018.09.19"]
[Round "8.4"]
[White "Todorovic, Nenad I"]
[Black "Mijailovic, Zoran"]
[Result "1/2-1/2"]
[WhiteElo "2291"]
[BlackElo "2400"]
[Annotator "Balkanchess"]
[PlyCount "52"]
[EventDate "2018.??.??"]
[WhiteClock "0:18:32"]
[BlackClock "0:43:07"]

1. e4 e6 2. d4 d5 3. Nd2 c5 4. exd5 Qxd5 5. Ngf3 cxd4 6. Bc4 Qd6 7. Qe2 Nf6 8.
Nb3 Nc6 9. Bg5 Qb4+ 10. Bd2 Qb6 11. O-O-O Bd7 12. Bg5 Bc5 13. Ne5 Nxe5 14. Qxe5
Bd6 15. Qxd4 Qxd4 16. Nxd4 O-O-O 17. h3 Bc5 18. Rhe1 Ba4 19. Be3 Nd5 20. Bxd5
Rxd5 21. b3 Bd7 22. c4 Rd6 23. Nc2 Rxd1+ 24. Rxd1 Bxe3+ 25. Nxe3 Bc6 26. Kc2
Rd8 1/2-1/2

[Event "PRVA LIGA CENTRALNE SRBIJE 2018."]
[Site "Kragujevac"]
[Date "2018.09.19"]
[Round "8.4"]
[White "Rajkovic, Mladen"]
[Black "Dimitrijevic, Nenad"]
[Result "1-0"]
[WhiteElo "2304"]
[BlackElo "2216"]
[Annotator "Balkanchess"]
[PlyCount "147"]
[EventDate "2018.??.??"]
[WhiteClock "0:06:12"]
[BlackClock "0:07:29"]

1. e4 c5 2. Nf3 Nc6 3. d4 cxd4 4. Nxd4 e5 5. Nb5 a6 6. Nd6+ Bxd6 7. Qxd6 Qe7 8.
Qd2 Nf6 9. f3 d6 10. b3 O-O 11. Ba3 Rd8 12. c4 Be6 13. Nc3 Qc7 14. Bd3 Qa5 15.
Bb2 Rac8 16. Nd5 Qxd2+ 17. Kxd2 Bxd5 18. exd5 Ne7 19. f4 exf4 20. Rhf1 Nd7 21.
Rae1 Re8 22. Rxf4 Ng6 23. Bxg6 hxg6 24. Rfe4 Rxe4 25. Rxe4 Kf8 26. Bd4 b5 27.
Kd3 bxc4+ 28. bxc4 Rb8 29. Re1 a5 30. h3 Rb4 31. Kc3 Ra4 32. Re2 Ra3+ 33. Kb2
Rd3 34. Bc3 Nb6 35. Kc2 Rg3 36. Bxa5 Nxc4 37. Bb4 Ne3+ 38. Kc1 Nf5 39. Kd2 g5
40. Rf2 g6 41. Re2 f6 42. Bc3 Ne7 43. Bb4 Nf5 44. Kc1 Kf7 45. a4 Rb3 46. Rb2
Rxb2 47. Kxb2 Ke7 48. Kc3 Ne3 49. Kd4 Nc2+ 50. Kc4 Ne3+ 51. Kb5 Nxd5 52. a5 Kd7
53. a6 Kc7 54. Ba5+ Kb8 55. Bd8 Nf4 56. Bxf6 Nxg2 57. Bxg5 Ne1 58. Kc6 Nf3 59.
Be3 Nh4 60. Kd5 Nf5 61. Bf2 Kc7 62. Ke6 Ng7+ 63. Kf6 Nh5+ 64. Kg5 d5 65. h4 Kc6
66. Be3 Ng3 67. Kxg6 Nf1 68. Bf4 d4 69. h5 Ne3 70. h6 Nd5 71. h7 Nxf4+ 72. Kf5
Nd5 73. h8=Q d3 74. a7 1-0

[Event "PRVA LIGA CENTRALNE SRBIJE 2018."]
[Site "Kragujevac"]
[Date "2018.09.19"]
[Round "8.5"]
[White "Ristic, Nenad"]
[Black "Parligras, Mircea-Emilian"]
[Result "1/2-1/2"]
[WhiteElo "2359"]
[BlackElo "2623"]
[PlyCount "64"]
[EventDate "2018.??.??"]

1. e4 c5 2. Nf3 d6 3. Bb5+ Nd7 4. O-O a6 5. Bxd7+ Bxd7 6. c3 Nf6 7. Re1 Bc6 8.
d4 cxd4 9. cxd4 Bxe4 10. Nc3 Bxf3 11. Qxf3 e6 12. Qxb7 Qc8 13. Qf3 Be7 14. Qg3
O-O 15. Bh6 Ne8 16. Nd5 Bd8 17. Nf4 Qc2 18. Rac1 Qf5 19. d5 Kh8 20. dxe6 Bf6
21. Qf3 Rb8 22. exf7 gxh6 23. g4 Qd7 24. Rxe8 Rbxe8 25. fxe8=Q Qxe8 26. Rc7 Bg7
27. Qe3 Qa4 28. Rxg7 Rxf4 29. Qc3 Rc4 30. Qf6 Rf4 31. Qc3 Rc4 32. Qf6 Rf4
1/2-1/2

[Event "PRVA LIGA CENTRALNE SRBIJE 2018."]
[Site "Kragujevac"]
[Date "2018.09.19"]
[Round "8.5"]
[White "Zajic, Milan"]
[Black "Ristic, Nebojsa M"]
[Result "1-0"]
[WhiteElo "2497"]
[BlackElo "2361"]
[Annotator "Balkanchess"]
[PlyCount "73"]
[EventDate "2018.??.??"]
[WhiteClock "0:07:46"]
[BlackClock "0:32:56"]

1. e4 c6 2. d4 d5 3. Nd2 dxe4 4. Nxe4 Nf6 5. Nxf6+ exf6 6. c3 Bd6 7. Bd3 O-O 8.
Ne2 Re8 9. Qc2 h6 10. O-O Qc7 11. g3 Bh3 12. Re1 Nd7 13. Bf4 Nf8 14. Bxd6 Qxd6
15. Nf4 Bg4 16. Bf5 Bxf5 17. Qxf5 g6 18. Qd3 Kg7 19. Re3 Ne6 20. Ng2 Rad8 21.
Qe2 c5 22. dxc5 Qxc5 23. Re1 Rd7 24. h4 Red8 25. Rxe6 Rd2 26. Qe3 Qf5 27. Re7
g5 28. h5 Qg4 29. Rxb7 Qxh5 30. Qxa7 Rd1 31. Rbe7 R8d2 32. b4 Qf3 33. Rxf7+ Kg6
34. Rg7+ Kh5 35. Qf7+ Kg4 36. Qc4+ Kh5 37. g4+ 1-0